000 00467nam a22002297a 4500
003 UA-OsUOA
001 83815
007 ta
008 20120507b un ||||| |||| 00| 0 ukr d
100 _aCarr A.
090 _a(031)598.1
942 _cBK
040 _aUA-OsUOA
_beng
_cUA-OsUOA
_dUA-OsUOA
245 _aThe Reptiles
300 _a193 с.
955 _a4
041 _aeng
080 _a(031)598.1
260 _c1968
650 7 _2UDC
999 _c370094
_d370094